[Event "Fagernes Autumn op"]
[Site "Fagernes"]
[Date "2024.10.13"]
[Round "9"]
[White "Amar, Elham"]
[Black "Stremavicius, Titas"]
[Result "1-0"]
[WhiteElo "2540"]
[BlackElo "2541"]
[PlyCount "59"]
[EventDate "2024.10.06"]
[EventType "swiss"]
[EventRounds "9"]
[EventCountry "NOR"]
[SourceTitle "CB42_2024"]
[Source "ChessBase"]
[SourceDate "2024.10.16"]
[SourceVersion "1"]
[SourceVersionDate "2024.10.16"]
[SourceQuality "1"]

1. e4 c5 2. Nf3 Nc6 3. Bb5 Nf6 4. Bxc6 dxc6 5. d3 Bg4 6. h3 Bh5 7. Qe2 Nd7 8. Bf4 e5 9. g4 exf4 10. gxh5 Qf6 11. Nbd2 Qxb2 12. Rb1 Qxc2 13. Rxb7 c4 14. Nxc4 Qc1+ 15. Qd1 Qxd1+ 16. Kxd1 Nc5 17. Rc7 Nxd3 18. Ke2 Nc5 19. Rd1 Be7 20. Nd4 Na6 21. Rxc6 Nb4 22. Rc7 Na6 23. Nb5 g6 24. h6 Kf8 25. Rxa7 Rxa7 26. Nxa7 Bg5 27. Ne5 Ke7 28. Nac6+ Ke6 29. Nf3 Bxh6 30. e5 1-0

[Event "Fagernes Autumn op"]
[Site "Fagernes"]
[Date "2024.10.11"]
[Round "7"]
[White "Amar, Elham"]
[Black "Myagmarsuren, Evsuld"]
[Result "1-0"]
[WhiteElo "2540"]
[BlackElo "2171"]
[PlyCount "129"]
[EventDate "2024.10.06"]
[EventType "swiss"]
[EventRounds "9"]
[EventCountry "NOR"]
[SourceTitle "CB42_2024"]
[Source "ChessBase"]
[SourceDate "2024.10.16"]
[SourceVersion "1"]
[SourceVersionDate "2024.10.16"]
[SourceQuality "1"]

1. e4 e6 2. d4 d5 3. Nc3 Bb4 4. exd5 exd5 5. Bd3 Nc6 6. a3 Bd6 7. Nf3 Nge7 8. Nb5 h6 9. 0-0 0-0 10. Re1 Bf5 11. Bf1 Ng6 12. Nxd6 Qxd6 13. Be3 Rad8 14. a4 Qf6 15. c3 Bg4 16. Be2 Nf4 17. Bxf4 Qxf4 18. h3 Bh5 19. Nd2 Bxe2 20. Qxe2 Rd6 21. Nf1 a6 22. Qc2 Re6 23. Qb3 Qd6 24. Ne3 Rfe8 25. Rf1 Rd8 26. a5 Na7 27. Qxb7 Nb5 28. Rae1 Qf8 29. Nf5 Rf6 30. Ne7+ Kh8 31. Nxd5 Rb8 32. Nxf6 Rxb7 33. Re8 Qxe8 34. Nxe8 c6 35. Rd1 Rd7 36. Kf1 c5 37. d5 c4 38. d6 Kg8 39. Nc7 Nxc7 40. dxc7 Rxc7 41. Rd6 Rb7 42. Rb6 Ra7 43. Ke2 f5 44. f4 Kf7 45. h4 g6 46. h5 gxh5 47. Rxh6 Kg7 48. Rc6 Rb7 49. Rb6 Ra7 50. g3 Re7+ 51. Kd2 Rd7+ 52. Ke2 Re7+ 53. Kf3 Ra7 54. Kg2 Rd7 55. Kh3 Rd2 56. Rxa6 Rxb2 57. Rc6 Ra2 58. Rxc4 Rxa5 59. Rc7+ Kf6 60. Rc6+ Ke7 61. Kh4 Kd7 62. Rh6 Rc5 63. Rxh5 Ke6 64. g4 Kf6 65. Rxf5+ 1-0

[Event "Fagernes Autumn op"]
[Site "Fagernes"]
[Date "2024.10.10"]
[Round "6"]
[White "Sieber, Fiona"]
[Black "Amar, Elham"]
[Result "0-1"]
[WhiteElo "2264"]
[BlackElo "2540"]
[PlyCount "96"]
[EventDate "2024.10.06"]
[EventType "swiss"]
[EventRounds "9"]
[EventCountry "NOR"]
[SourceTitle "CB42_2024"]
[Source "ChessBase"]
[SourceDate "2024.10.16"]
[SourceVersion "1"]
[SourceVersionDate "2024.10.16"]
[SourceQuality "1"]

1. e4 c6 2. Nf3 d5 3. exd5 cxd5 4. Ne5 a6 5. d4 Nc6 6. c4 e6 7. Nxc6 bxc6 8. Bd3 g6 9. 0-0 Bg7 10. Be3 Ne7 11. Nc3 0-0 12. cxd5 cxd5 13. Rc1 Bd7 14. Qb3 Nc6 15. Ne2 Rb8 16. Qa3 Qb6 17. Qd6 Nb4 18. Qxb6 Rxb6 19. Bb1 Bb5 20. Rfe1 Bd3 21. Nc3 Bxb1 22. Rxb1 Nd3 23. Re2 Rc8 24. Rc2 Rbc6 25. g4 Bf8 26. Bg5 Rc4 27. Bf6 Bg7 28. Bxg7 Kxg7 29. Rd2 Nxb2 30. Rbxb2 Rxc3 31. Rb6 Ra3 32. f3 Rxf3 33. Rxa6 Rf4 34. Ra4 Rc1+ 35. Kg2 Rxg4+ 36. Kf3 Rgg1 37. Rb4 Rc3+ 38. Kf2 Ra1 39. Rbb2 Ra3 40. Kg2 g5 41. Rf2 Kg6 42. Rb7 R1xa2 43. Rbxf7 Rxf2+ 44. Rxf2 Rd3 45. Re2 Kf6 46. Rf2+ Ke7 47. Ra2 h5 48. Ra4 h4 0-1